Realities of the Truman Presidency : succession or repudiation? /

Bibliographic Details
Other Authors: Stuart, Jack
Format: Book
Language:English
Published: New York : Simon & Schuster, [1975]
Series:Controversial issues in United States history.
Subjects:

MARC

Tag First Indicator Second Indicator Subfields
LEADER 00000cam a2200000 i 4500
001 in00000483313
005 20151013053645.0
008 750724s1975 nyu b 00000 eng
010 |a  74015991  
020 |a 0671187341 :  |c $2.95 
035 |a (OCoLC)01582348 
035 |9 ACC0022AM 
040 |a DLC  |c DLC  |d TXA  |d UtOrBLW 
043 |a n-us--- 
049 |a TXAM  |c [1531827] 
050 0 0 |a E813  |b .R34 
082 0 |a 320.9/73/0918 
245 0 0 |a Realities of the Truman Presidency :  |b succession or repudiation? /  |c Jack Stuart, editor. 
264 1 |a New York :  |b Simon & Schuster,  |c [1975] 
300 |a 155 pages ;  |c 24 cm. 
336 |a text  |b txt  |2 rdacontent 
337 |a unmediated  |b n  |2 rdamedia 
338 |a volume  |b nc  |2 rdacarrier 
490 1 |a Controversial issues in United States history 
504 |a Bibliography: pages 153-155. 
505 0 |a Stuart, J. Introduction.--Alperovitz, G. How did the Cold War begin?--Gaddis, J. L. Was the Truman doctrine a real turning point?--Lofgren, C. A. Mr. Truman's war: a debate and its aftermath.--Hamby, A. L. The liberals, Truman & FDR as symbol and myth.--Theoharis, A. The escalation of the loyalty program.--Lee, R. A. The Turnip session of the Do-Nothing Congress: Presidential campaign strategy.--Richardson, J. R. The Taft-Hartley act: punishment or progress. 
651 0 |a United States  |x Politics and government  |y 1945-1989. 
700 1 |a Stuart, Jack. 
830 0 |a Controversial issues in United States history. 
999 |a MARS 
999 f f |s 44899228-f7d2-3f6a-89db-c9ffef910e27  |i 07a9ed39-4bf6-332e-a8ff-7eb267e04240  |t 0 
952 f f |p normal  |a Texas A&M University  |b College Station  |c Sterling C. Evans Library  |d Evans: Library Stacks  |t 0  |e E813 .R34  |h Library of Congress classification  |i unmediated -- volume  |m A14802257383 
998 f f |a E813 .R34  |t 0  |l Evans: Library Stacks